Determinants and Management of Make-and-Buy An Extension to Transaction Cost Economics /

While making and buying are usually regarded as being mutually exclusive in extant theory, in reality, making-and-buying is employed in various contexts, such as industrial manufacturing, the media, and clinical trials. After assessing transaction cost economics as the most important theory of the m...

Πλήρης περιγραφή

Λεπτομέρειες βιβλιογραφικής εγγραφής
Κύριος συγγραφέας: Krzeminska, Anna (Συγγραφέας)
Συγγραφή απο Οργανισμό/Αρχή: SpringerLink (Online service)
Μορφή: Ηλεκτρονική πηγή Ηλ. βιβλίο
Γλώσσα:English
Έκδοση: Wiesbaden : Gabler, 2009.
Θέματα:
Διαθέσιμο Online:Full Text via HEAL-Link
LEADER 02459nam a22004335i 4500
001 978-3-8349-9924-5
003 DE-He213
005 20151204152445.0
007 cr nn 008mamaa
008 100301s2009 gw | s |||| 0|eng d
020 |a 9783834999245  |9 978-3-8349-9924-5 
024 7 |a 10.1007/978-3-8349-9924-5  |2 doi 
040 |d GrThAP 
050 4 |a HD28-70 
072 7 |a KJC  |2 bicssc 
072 7 |a BUS041000  |2 bisacsh 
082 0 4 |a 658.4092  |2 23 
100 1 |a Krzeminska, Anna.  |e author. 
245 1 0 |a Determinants and Management of Make-and-Buy  |h [electronic resource] :  |b An Extension to Transaction Cost Economics /  |c by Anna Krzeminska. 
264 1 |a Wiesbaden :  |b Gabler,  |c 2009. 
300 |a XXXII, 215 p.  |b online resource. 
336 |a text  |b txt  |2 rdacontent 
337 |a computer  |b c  |2 rdamedia 
338 |a online resource  |b cr  |2 rdacarrier 
347 |a text file  |b PDF  |2 rda 
505 0 |a The Logic of Economic Organization -- Determinants and Management of make-and-buy: Potential TCE Explanations -- Extending the TCE Framework -- Empirical Survey -- Empirical Analysis -- Conclusion. 
520 |a While making and buying are usually regarded as being mutually exclusive in extant theory, in reality, making-and-buying is employed in various contexts, such as industrial manufacturing, the media, and clinical trials. After assessing transaction cost economics as the most important theory of the make vs. buy decision, Anna Krzeminska develops an extension to the TCE framework which spotlights uncertainty as a main explanatory variable. This approach not only allows distinguishing different types of make-and-buy but also enables an explanation of determinants, management mechanisms, and performance implications of each make-and-buy type separately. Empirical analysis with data from the German automotive industry shows predominant support for the hypotheses. Thus, this work contributes to a better understanding of the categorization of economic institutions. 
650 0 |a Business. 
650 0 |a Management. 
650 0 |a Leadership. 
650 1 4 |a Business and Management. 
650 2 4 |a Business Strategy/Leadership. 
650 2 4 |a Management. 
710 2 |a SpringerLink (Online service) 
773 0 |t Springer eBooks 
776 0 8 |i Printed edition:  |z 9783834912756 
856 4 0 |u http://dx.doi.org/10.1007/978-3-8349-9924-5  |z Full Text via HEAL-Link 
912 |a ZDB-2-SBE 
950 |a Business and Economics (Springer-11643)